Casting your cares upon the Lord. (Record no. 2150)

000 -LEADER
fixed length control field 00571nam a2200193 a 4500
001 - CONTROL NUMBER
control field :::00017281$&:&@@
003 - CONTROL NUMBER IDENTIFIER
control field OkBaRHE
005 - DATE AND TIME OF LATEST TRANSACTION
control field 20100327155333.0
008 - FIXED-LENGTH DATA ELEMENTS--GENERAL INFORMATION
fixed length control field s1981 j 000 0 eng u
040 ## - CATALOGING SOURCE
Transcribing agency
100 1# - MAIN ENTRY--PERSONAL NAME
Personal name Hagin, Kenneth E., 1917-2003
245 10 - TITLE STATEMENT
Title Casting your cares upon the Lord.
260 ## - PUBLICATION, DISTRIBUTION, ETC. (IMPRINT)
Place of publication, distribution, etc Tulsa, OK., :
Name of publisher, distributor, etc RHEMA Bible Church
Date of publication, distribution, etc 1981
300 ## - PHYSICAL DESCRIPTION
Extent 26 p. ;
Dimensions 22 cm.
650 ## - SUBJECT ADDED ENTRY--TOPICAL TERM
Topical term or geographic name as entry element Christian Life
650 ## - SUBJECT ADDED ENTRY--TOPICAL TERM
Topical term or geographic name as entry element Faith
942 ## - ADDED ENTRY ELEMENTS (KOHA)
Source of classification or shelving scheme
Koha item type Books
Copies
Not for loan Shelving location Date acquired Barcode Permanent Location Damaged status Date last seen Collection code Price effective from Withdrawn status Lost status Full call number Source of classification or shelving scheme Koha item type Copy number
 General Stacks2010-04-1417281RHEMA Bible Training College 2010-04-14Reference2010-04-14  BV 4501 .H3 Books1